00789nam a2200229Ia 4500003000900000008004100009040001300050040001300063041000800076100002200084245012700106250000900233260002600242260000900268300001100277300001000288490002700298490000600325942000700331999001700338952020400355IT-RoPAU120407s9999 xx 000 0 und d aIT-RoPAU cIT-RoPAU aita aVincenzo Iannuzzi aI Papi e i mass media. Discorsi di Pio XII, Giovanni XXIII, Paolo VI e Giovanni Paolo II sulla comunicazione sociale. aRoma aEnte dello spettacolo c1987 a297 p. c21 cm aImmagini allo specchio v6 cBK c31803d31803 00102ddc406262_900000000000000_9271aPAULUSbPAULUSd2012-04-11l0o262.9.92r2012-04-11 00:00:00w2012-04-11yBKzInserito da: LUCIA In data: 02 settembre 2011 fondo: Via A.Severo 56 Progr:11155